PRACTICAL PHARMACOGNOSY (Record no. 34793)

MARC details
000 -LEADER
fixed length control field 00366nam a22001577a 4500
003 - CONTROL NUMBER IDENTIFIER
control field SGT
020 ## - INTERNATIONAL STANDARD BOOK NUMBER
International Standard Book Number 9788185790305
082 ## - DEWEY DECIMAL CLASSIFICATION NUMBER
Classification number 615.321
Item number P26K
100 ## - MAIN ENTRY--PERSONAL NAME
Personal name KHANDALWAL,K.R.
245 ## - TITLE STATEMENT
Title PRACTICAL PHARMACOGNOSY
260 ## - PUBLICATION, DISTRIBUTION, ETC. (IMPRINT)
Place of publication, distribution, etc PUNE
Name of publisher, distributor, etc NIRALI PRAKASHAN
Year of Publication 2026
300 ## - PAGE DESCRIPTION
No. of Pages 27.19
650 ## - SUBJECT ADDED ENTRY--TOPICAL TERM
Topical term or geographic name as entry element PHARMACOGNOSY
653 ## - KEYWORDS--INDEX TERM
Keyword term PRACTICAL , PHARMACOGNOSY
942 ## - ADDED ENTRY ELEMENTS (KOHA)
Source of classification or shelving scheme Dewey Decimal Classification
Koha item type Books
Holdings
Withdrawn status Lost status Source of classification or shelving scheme Damaged status Not for loan Collection code Home library Current library Shelving location Date acquired Vendor Name Cost, normal purchase price SGTU Bill Number Total Checkouts Full call number Accession No. (Barcode) Date last seen Bill Date Koha item type
    Dewey Decimal Classification     PHARMACY SGT FA-FP Library SGT FA-FP Library Text Book 07/05/2026 ABC PVT. LTD. 330.00 SGTU 22929   615.321 P26K FP5382 07/05/2026 22/04/2026 Books
    Dewey Decimal Classification     PHARMACY SGT FA-FP Library SGT FA-FP Library Text Book 07/05/2026 ABC PVT. LTD. 330.00 SGTU 22929   615.321 P26K FP5383 07/05/2026 22/04/2026 Books
    Dewey Decimal Classification     PHARMACY SGT FA-FP Library SGT FA-FP Library Text Book 07/05/2026 ABC PVT. LTD. 330.00 SGTU 22929   615.321 P26K FP5384 07/05/2026 22/04/2026 Books
    Dewey Decimal Classification     PHARMACY SGT FA-FP Library SGT FA-FP Library Text Book 07/05/2026 ABC PVT. LTD. 330.00 SGTU 22929   615.321 P26K FP5385 07/05/2026 22/04/2026 Books
    Dewey Decimal Classification     PHARMACY SGT FA-FP Library SGT FA-FP Library Text Book 07/05/2026 ABC PVT. LTD. 330.00 SGTU 22929   615.321 P26K FP5386 07/05/2026 22/04/2026 Books
    Dewey Decimal Classification     PHARMACY SGT FA-FP Library SGT FA-FP Library Text Book 07/05/2026 ABC PVT. LTD. 330.00 SGTU 22929   615.321 P26K FP5387 07/05/2026 22/04/2026 Books
    Dewey Decimal Classification     PHARMACY SGT FA-FP Library SGT FA-FP Library Text Book 07/05/2026 ABC PVT. LTD. 330.00 SGTU 22929   615.321 P26K FP5388 07/05/2026 22/04/2026 Books
    Dewey Decimal Classification     PHARMACY SGT FA-FP Library SGT FA-FP Library Text Book 07/05/2026 ABC PVT. LTD. 330.00 SGTU 22929   615.321 P26K FP5389 07/05/2026 22/04/2026 Books